Países de Asia por el nº de letras - Estadísticas

Estadísticas generales
  • Esta prueba ha sido intentada 43 veces
  • La puntuación promedio es 23 de 48
Estadísticas de respuestas
Inicial Respuesta Nº de letras % Correcto
O Omán 4
100%
L Laos 4
96%
Ch China 5
93%
I Irak 4
93%
I Irán 4
93%
B Bután 5
89%
Ba Baréin 6
81%
Y Yemen 5
81%
Br Brunéi 6
78%
S Siria 5
78%
I India 5
74%
J Japón 5
74%
Ca Catar 5
63%
N Nepal 5
63%
K Kuwait 6
59%
Af Afganistán 10
48%
Az Azerbaiyán 10
48%
Ki Kirguistán 10
48%
Sr Sri Lanka 8
48%
I Israel 6
44%
Ka Kazajistán 10
44%
U Uzbekistán 10
44%
C Chipre 6
41%
I Indonesia 9
41%
J Jordania 8
41%
L Líbano 6
41%
T Tayikistán 10
41%
T Turkmenistán 12
41%
A Armenia 7
37%
T Taiwán 6
37%
F Filipinas 9
33%
M Malasia 7
33%
Mo Mongolia 8
33%
V Vietnam 7
33%
E Emiratos Árabes Unidos 20
30%
G Georgia 7
30%
T Tailandia 9
30%
B Bangladés 9
26%
C Camboya 7
26%
Si Singapur 8
26%
T Turquía 7
26%
A Arabia Saudita 13
22%
B Birmania 8
22%
T Timor Oriental 13
22%
C Corea del norte 13
19%
C Corea del sur 11
19%
Ma Maldivas 8
15%
P Pakistán 8
15%
No se encontraron pruebas coincidentes
Distribución de puntuación
Porcentaje de gente con cada puntuación
Porcentaje por número respondido
Historial de tus puntuaciones
No has intentado esta prueba.